Adele's VEVO Certified Music Videos - Statistics

General Stats
  • This quiz has been taken 147 times
    59 since last reset
  • The average score is 13 of 17
Answer Stats
Views Music Videos % Correct
3.2B+ Hello
100%
109M+ Hello (Live at the NRJ Awards)
100%
2.7B+ Rolling in the Deep
100%
2.3B+ Someone Like You
96%
118M+ Someone Like You (Live in Her Home)
96%
414M+ Easy On Me
90%
198M+ Easy On Me (Live at the NRJ Awards)
90%
454M+ Easy On Me (Lyric Video)
90%
810M+ Set Fire To The Rain (Live at The Royal Albert Hall)
84%
216M+ Chasing Pavements
76%
763M+ Skyfall (Lyric Video)
69%
123M+ Oh My God
67%
715M+ When We Were Young (Live at The Church Studios)
65%
155M+ Hometown Glory
63%
994M+ Send My Love (To Your New Lover)
61%
199M+ Make You Feel My Love
45%
118M+ Don't You Remember (Live at Largo)
22%
No matching quizzes found
Score Distribution
Percent of People with Each Score
Percentile by Number Answered
Your Score History
You have not taken this quiz since the last reset